000 00345 a2200133 4500
001 65514
040 _cAnchieta - Pituba
100 _aMarcus Alessandro Mawusi
240 1 0 _a2ª Avaliação de História, 1º série
_lpor
245 1 0 _a2ª Avaliação de História, 1º série
362 0 _a2018
650 4 _aGeografia e História
942 _cBK
999 _c65514
_d65514